[Event "Festival della Repubblica A"]
[Site "Milano ITA"]
[Date "2011.06.05"]
[Round "7"]
[White "Cani, Gazmir"]
[Black "Swannie, Douglas"]
[Result "1-0"]
[WhiteElo "2123"]
[BlackElo "1924"]
[PlyCount "37"]
[EventDate "2011.06.01"]

1. d4 d5 2. c4 e5 3. dxe5 d4 4. Nf3 Nc6 5. g3 Be6 6. Qa4 Qd7 7. Bg2 d3 8. O-O
dxe2 9. Re1 Bb4 10. Bd2 Bxd2 11. Nbxd2 Nge7 12. Rxe2 O-O-O 13. Ne4 Kb8 14. Nc5
Qc8 15. Ng5 h6 16. Ngxe6 fxe6 17. b4 Rd4 18. b5 Nd8 19. Re3 1-0

[Event "Festival della Repubblica A"]
[Site "Milano ITA"]
[Date "2011.06.05"]
[Round "7"]
[White "Gonella, Daniele"]
[Black "Bisignano, Riccardo"]
[Result "1-0"]
[WhiteElo "2022"]
[BlackElo "1918"]
[PlyCount "35"]
[EventDate "2011.06.01"]

1. e4 e5 2. Nf3 Nc6 3. Bb5 Nf6 4. O-O Nxe4 5. Re1 Nd6 6. Nxe5 Be7 7. Bd3 O-O 8.
Qh5 g6 9. Nxg6 hxg6 10. Bxg6 fxg6 11. Qxg6+ Kh8 12. Re3 Rf7 13. b3 Rg7 14. Bb2
Ne8 15. Rg3 Bf8 16. Qf7 Nf6 17. Bxf6 Qxf6 18. Rh3+ 1-0

[Event "Festival della Repubblica A"]
[Site "Milano ITA"]
[Date "2011.06.05"]
[Round "7"]
[White "Gongalov, Bojan"]
[Black "Cazzaniga, Walter"]
[Result "0-1"]
[WhiteElo "2061"]
[BlackElo "2078"]
[PlyCount "118"]
[EventDate "2011.06.01"]

1. c4 Nf6 2. Nc3 g6 3. g3 Bg7 4. Bg2 O-O 5. d3 c5 6. e4 Nc6 7. Nge2 d6 8. O-O
Ne8 9. Be3 Nd4 10. h3 Rb8 11. Rb1 Nxe2+ 12. Qxe2 a6 13. Rfd1 b5 14. d4 b4 15.
Na4 Qa5 16. b3 Bd7 17. dxc5 Bxa4 18. bxa4 dxc5 19. Rd5 Rc8 20. Qd2 Bc3 21. Qd1
Ng7 22. f4 Rfd8 23. Kh2 Ne6 24. f5 Nd4 25. fxg6 hxg6 26. Bg5 Rxd5 27. exd5 Qc7
28. Qg4 Rd8 29. Rf1 Qd7 30. Qe4 Re8 31. Qf4 f6 32. Be4 Nf5 33. Bxf5 gxf5 34.
Bh4 e6 35. Qh6 Qg7 36. Qh5 Rd8 37. Rf2 exd5 38. Qxf5 dxc4 39. Qe6+ Qf7 40. Qxa6
Rd2 41. Qc8+ Kg7 42. Rxd2 Bxd2 43. Qxc5 b3 44. axb3 cxb3 45. Qb6 Bc3 46. a5 b2
47. a6 Bd4 48. Qb4 Qc7 49. Bxf6+ Bxf6 50. Qg4+ Kf7 51. Qh5+ Ke6 52. Qe8+ Kd5
53. Qb5+ Kd6 54. Qd3+ Ke6 55. Qe4+ Be5 56. Qg6+ Kd5 57. Qd3+ Bd4 58. Qf5+ Qe5
59. Qc2 Qe3 0-1

[Event "Festival della Repubblica A"]
[Site "Milano ITA"]
[Date "2011.06.05"]
[Round "7"]
[White "Guzzetti, Luigi Enrico"]
[Black "Pelizzola, Danilo"]
[Result "1/2-1/2"]
[WhiteElo "1909"]
[BlackElo "2040"]
[PlyCount "177"]
[EventDate "2011.06.01"]

1. e4 e5 2. Nf3 Nc6 3. Bb5 a6 4. Ba4 Nf6 5. O-O Be7 6. Re1 b5 7. Bb3 d6 8. c3
Na5 9. Bc2 c5 10. d4 Qc7 11. Nbd2 O-O 12. Nf1 Re8 13. d5 Bd7 14. Ng3 g6 15. Bg5
Qd8 16. a4 Nc4 17. b3 Nb6 18. a5 Nc8 19. h3 Rb8 20. b4 c4 21. Nh2 Nxd5 22. Qxd5
Bxg5 23. Nf3 Bf6 24. Rad1 Qc7 25. Qd2 Bg7 26. Nh2 Qd8 27. Qe2 Qh4 28. Nf3 Qf6
29. Nh2 Qf4 30. Ngf1 h5 31. Ne3 Be6 32. g3 Qg5 33. Kg2 Rb7 34. Nd5 Bxd5 35.
Rxd5 Qh6 36. Nf1 Qh8 37. Ne3 Bh6 38. Nxc4 bxc4 39. Qxc4 Ra7 40. Qc6 Kg7 41. Bb3
Ree7 42. Qc4 Qd8 43. Qd3 Qc7 44. Rd1 Qc6 45. c4 Qc7 46. Ra1 Kh7 47. Qe2 Rd7 48.
Qa2 Ne7 49. Rdd1 Qb7 50. b5 axb5 51. cxb5 Qxb5 52. Ba4 Qb7 53. Qxf7+ Bg7 54.
Bxd7 Qxe4+ 55. Kg1 Rxd7 56. a6 Ra7 57. Rxd6 Nc8 58. Rd7 Rxd7 59. Qxd7 Qf5 60.
Qxf5 gxf5 61. a7 Nxa7 62. Rxa7 e4 63. Kf1 Kg6 64. Ke2 Bd4 65. Ra6+ Kg7 66. Rd6
Be5 67. Rd5 Kf6 68. Rb5 Bd4 69. Rd5 Bb2 70. f3 exf3+ 71. Kxf3 Bc1 72. Rc5 Bd2
73. Rc6+ Kg7 74. Rd6 Bc1 75. Ke2 Bb2 76. Re6 Bc1 77. Kd3 Bg5 78. Kd4 f4 79.
gxf4 Bxf4 80. Ke4 Bg3 81. Kf5 h4 82. Re7+ Kh6 83. Kf6 Bf4 84. Re8 Kh7 85. Kf7
Bg3 86. Rg8 Kh6 87. Rg6+ Kh7 88. Re6 Bf2 89. Ra6 1/2-1/2

[Event "Festival della Repubblica A"]
[Site "Milano ITA"]
[Date "2011.06.05"]
[Round "7"]
[White "Lapiccirella, Mattia"]
[Black "Valenti, Giuseppe"]
[Result "1/2-1/2"]
[WhiteElo "2212"]
[BlackElo "2155"]
[PlyCount "91"]
[EventDate "2011.06.01"]

1. d4 Nf6 2. c4 e6 3. Nf3 c5 4. d5 exd5 5. cxd5 d6 6. Nc3 g6 7. Nd2 a6 8. a4
Nbd7 9. e4 Bg7 10. Be2 O-O 11. O-O Re8 12. f4 Rb8 13. Kh1 Qc7 14. e5 dxe5 15.
Nc4 e4 16. f5 Ra8 17. Bf4 Qd8 18. fxg6 hxg6 19. Nd6 Re7 20. Bg5 Qf8 21. Nxc8
Rxc8 22. Bg4 Re5 23. Bxf6 Nxf6 24. Bxc8 Qxc8 25. Qe2 Qd7 26. Rad1 Qd6 27. Rxf6
Qxf6 28. d6 e3 29. d7 Qd8 30. Nd5 Kf8 31. Nb6 Re6 32. a5 Bd4 33. b4 Kg8 34. g3
Rxb6 35. axb6 Qxd7 36. bxc5 Qc6+ 37. Qg2 Qxc5 38. Qxb7 Qxb6 39. Qe4 Bc5 40. h4
Qf6 41. Qe8+ Kg7 42. Rd8 Qf3+ 43. Kh2 Qf2+ 44. Kh3 Qf1+ 45. Kh2 Qf2+ 46. Kh3
1/2-1/2

[Event "Festival della Repubblica A"]
[Site "Milano ITA"]
[Date "2011.06.05"]
[Round "7"]
[White "Moroni, Luca jr"]
[Black "Rossi, Giampiero"]
[Result "1-0"]
[WhiteElo "1911"]
[BlackElo "1943"]
[PlyCount "51"]
[EventDate "2011.06.01"]

1. e4 c5 2. Nf3 e6 3. d4 cxd4 4. Nxd4 a6 5. Nc3 Qc7 6. Be2 Nf6 7. O-O Be7 8.
Be3 O-O 9. f4 d6 10. Qe1 Bd7 11. Qg3 Nc6 12. Kh1 Rfc8 13. Rae1 b5 14. e5 dxe5
15. fxe5 Ne8 16. Nxc6 Bxc6 17. Bd3 g6 18. Ne4 Bxe4 19. Bxe4 Rab8 20. Qf2 f5 21.
exf6 Nxf6 22. Ba7 Nxe4 23. Qf7+ Kh8 24. Bxb8 Rxb8 25. Qxe6 Nd2 26. Rf7 1-0

[Event "Festival della Repubblica A"]
[Site "Milano ITA"]
[Date "2011.06.05"]
[Round "7"]
[White "Nepi, Ezio"]
[Black "Bisignano, Giuseppe"]
[Result "1-0"]
[WhiteElo "1924"]
[BlackElo "1930"]
[PlyCount "103"]
[EventDate "2011.06.01"]

1. d4 Nf6 2. c4 c5 3. d5 d6 4. Nc3 g6 5. e4 Bg7 6. Bd3 Nbd7 7. Nf3 O-O 8. h3
Ne5 9. Nxe5 dxe5 10. Be3 b6 11. O-O Nh5 12. Ne2 f5 13. f3 f4 14. Bd2 e6 15. Rb1
exd5 16. exd5 Bf5 17. Qc2 Rc8 18. Be4 Qd7 19. Kf2 Nf6 20. Nc3 Nxe4+ 21. Nxe4 g5
22. Bc3 b5 23. b3 a6 24. Qe2 h6 25. Kg1 Kh8 26. Rbd1 Bxe4 27. Qxe4 Qf5 28. Rfe1
b4 29. Bxe5 Qxe4 30. Bxg7+ Kxg7 31. Rxe4 a5 32. Rde1 a4 33. Re6 axb3 34. axb3
Ra8 35. Rc6 Rfc8 36. Re7+ Kf8 37. Rxc8+ Rxc8 38. Rh7 Re8 39. Rh8+ Kf7 40. Rxe8
Kxe8 41. Kf2 Ke7 42. Ke2 Kd6 43. Kd3 Ke5 44. Ke2 Kd6 45. Kd2 Ke5 46. Kd3 Kf5
47. d6 Ke6 48. Ke4 Kxd6 49. Kf5 h5 50. Kf6 h4 51. Kf5 Ke7 52. Kxg5 1-0